| 000 | 00724cam a2200241 4500500 | ||
|---|---|---|---|
| 005 | 20260405003703.0 | ||
| 041 | _afre | ||
| 042 | _adc | ||
| 100 | 1 | 0 |
_aEnjalbert, Cédric _eauthor |
| 245 | 0 | 0 | _a“Giovanni Bellini. Influences croisées”. L’art et la madone |
| 260 | _c2023. | ||
| 500 | _a19 | ||
| 690 | _achristianisme | ||
| 690 | _acouleur | ||
| 690 | _aEsthétique | ||
| 690 | _aModernité | ||
| 690 | _aMusée Jacquemart-André | ||
| 690 | _aPeinture | ||
| 690 | _aRenaissance | ||
| 690 | _aVenise | ||
| 786 | 0 | _nPhilosophie magazine | 168 | 4 | 2023-04-01 | p. 77-77 | 1951-1787 | |
| 856 | 4 | 1 | _uhttps://shs.cairn.info/magazine-philosophie-magazine-2023-4-page-77?lang=fr&redirect-ssocas=7080 |
| 999 |
_c2069865 _d2069865 |
||